Catálogo
 En Linea

Constitución de la República Dominicana 1927 ; (Registro nro. 21556)

Detalles MARC
000 -CABECERA
campo de control de longitud fija 01221nam a2200289 a 4500
001 - NÚMERO DE CONTROL
campo de control 000022058
003 - IDENTIFICADOR DEL NÚMERO DE CONTROL
campo de control DO-SdBNP
005 - FECHA Y HORA DE LA ÚLTIMA TRANSACCIÓN
campo de control 20250813094555.0
008 - DATOS DE LONGITUD FIJA--INFORMACIÓN GENERAL
campo de control de longitud fija 100916s1927 dr ac r 000 0 spa d
040 ## - FUENTE DE LA CATALOGACIÓN
Centro catalogador/agencia de origen DO-SdBNP
Lengua de catalogación spa
Centro/agencia transcriptor BNPHU
082 ## - NÚMERO DE LA CLASIFICACIÓN DECIMAL DEWEY
Número de clasificación 342.729303
Número de documento/Ítem R426d,1927
110 2# - ENTRADA PRINCIPAL--NOMBRE DE ENTIDAD CORPORATIVA
Nombre de entidad corporativa o nombre de jurisdicción como elemento de entrada República Dominicana
9 (RLIN) 447
240 10 - TÍTULO UNIFORME
Título uniforme Constitución (1927)
245 10 - MENCIÓN DE TÍTULO
Título Constitución de la República Dominicana 1927 ;
Resto del título Constitución de la República Dominicana 1929 ; Constitución de la República Dominicana 1934 ; Constitución de la República Dominicana 1942.
250 ## - MENCIÓN DE EDICIÓN
Mención de edición ed. oficial
260 ## - PUBLICACIÓN, DISTRIBUCIÓN, ETC.
Lugar de publicación, distribución, etc. Santo Domingo :
Nombre del editor, distribuidor, etc. J. R. Vda. García,
Fecha de publicación, distribución, etc. 1927.
300 ## - DESCRIPCIÓN FÍSICA
Extensión 31 ; 31 ; 31 ; 38 p. :
Otras características físicas il., retrs. ;
Dimensiones 24 cm.
563 ## - NOTA DE ENCUADERNACIÓN
Nota de encuadernación Cuatro obras encuadernadas juntas con paginación independiente
590 ## - NOTA LOCAL (RLIN)
Nota local Inventariado, 2019/VM
651 #4 - PUNTO DE ACCESO ADICIONAL DE MATERIA--NOMBRE GEOGRÁFICO
Nombre geográfico República Dominicana
Subdivisión general Constitución (1927{Rpara}
9 (RLIN) 45709
651 #4 - PUNTO DE ACCESO ADICIONAL DE MATERIA--NOMBRE GEOGRÁFICO
Nombre geográfico República Dominicana
Subdivisión geográfica Derecho Constitucional
9 (RLIN) 449
740 0# - PUNTO DE ACCESO ADICIONAL--TÍTULO RELACIONADO O ANALÍTICO NO CONTROLADO
Título relacionado o analítico no controlado Constitución de la República Dominicana 1929
740 0# - PUNTO DE ACCESO ADICIONAL--TÍTULO RELACIONADO O ANALÍTICO NO CONTROLADO
Título relacionado o analítico no controlado Constitución de la República Dominicana 1934
740 0# - PUNTO DE ACCESO ADICIONAL--TÍTULO RELACIONADO O ANALÍTICO NO CONTROLADO
Título relacionado o analítico no controlado Constitución de la República Dominicana 1942
910 ## - DATOS DE OPCIÓN DEL USUARIO (OCLC)
Datos de opción del usuario Validado. Control de calidad. MFF
942 ## - ELEMENTOS DE PUNTO DE ACCESO ADICIONAL (KOHA)
Fuente del sistema de clasificación o colocación Dewey Decimal Classification
Tipo de ítem Koha Libro
Existencias
Estado de retiro Estado de pérdida Restricciones de uso No para préstamo Código de colección Localización permanente Ubicación/localización actual Ubicación en estantería Fecha de adquisición Número de inventario Total de préstamos Signatura topográfica completa Código de barras Fecha visto por última vez Precio válido a partir de Tipo de ítem Koha Número de copia
      Excluido de préstamo Raros y valiosos Patrimonio Dominicano Patrimonio Dominicano Depósito 16.09.2010 LF1   342.729203 R426d,1927 22058-10 25.06.2020 25.06.2020 No se presta  
      Excluido de préstamo Raros y valiosos Patrimonio Dominicano Patrimonio Dominicano Depósito 21.11.2011 LF1   342.729203 R426d,1927 22058-20 25.06.2020 25.06.2020 No se presta e. 2

Con tecnología Koha